| 000 | 00405nam a2200121Ia 4500 | ||
|---|---|---|---|
| 008 | 220615s9999||||xx |||||||||||||| ||und|| | ||
| 245 | 0 | _aCurrent Advances in Amyotrophic Lateral Sclerosis | |
| 546 | _aEnglish[eng] | ||
| 650 | _aNeurology & clinical neurophysiology | ||
| 700 | _aEstévez, Alvaro G. | ||
| 856 | _uhttps://mts.intechopen.com/storage/books/3393/authors_book/authors_book.pdf | ||
| 942 | _cEB | ||
| 999 |
_c11088 _d11088 |
||